Ako je to s využitím počítačov a Internetu na Slovensku?
Výsledky NetProjektu - výskumného projektu zameraného na zmapovanie používania osobných počítačov a využívania Internetu na Slovensku. Cieľ projektu. Práca s osobným počítačom. Používanie Internetu. Odhad používania Internetu v najbližších 6 mesiacoch.
Gespeichert in:
| Format: | Buch |
|---|---|
| Sprache: | Slowakisch |
| Schlagworte: | |
| Tags: |
Keine Tags, Fügen Sie das erste Tag hinzu!
|
MARC
| LEADER | 00000nam a2200000 4500 | ||
|---|---|---|---|
| 001 | r030134 | ||
| 005 | 20230922094642.8 | ||
| 041 | 0 | |a slo | |
| 044 | |a SK | ||
| 245 | 1 | 0 | |a Ako je to s využitím počítačov a Internetu na Slovensku? |
| 520 | |a Výsledky NetProjektu - výskumného projektu zameraného na zmapovanie používania osobných počítačov a využívania Internetu na Slovensku. Cieľ projektu. Práca s osobným počítačom. Používanie Internetu. Odhad používania Internetu v najbližších 6 mesiacoch. | ||
| 610 | 2 | 0 | |a počítače osobné |
| 610 | 2 | 0 | |a technika výpočtová |
| 610 | 2 | 0 | |a prieskum spotrebiteľský |
| 610 | 2 | 0 | |a siete počítačové |
| 610 | 2 | 0 | |a Slovensko |
| 610 | 2 | 0 | |a projekty |
| 610 | 2 | 0 | |a internet |
| 610 | 2 | 0 | |a NetProjekt |
| 610 | 2 | 0 | |a Webner, s.r.o. Bratislava |
| 610 | 2 | 0 | |a Focus, s.r.o. Bratislava |